All 21 PLL Algs - Statistics

General Stats
  • This quiz has been taken 15 times
  • The average score is 6 of 21
Answer Stats
Picture Answer % Correct
Ra
57%
Ga
43%
Gb
43%
Rb
43%
T
43%
Z
43%
F
29%
Gc
29%
Gd
29%
H
29%
Jb
29%
Na
29%
Nb
29%
Y
29%
Aa
14%
Ab
14%
E
14%
Ja
14%
Ua
14%
Ub
14%
V
14%
No matching quizzes found
Score Distribution
Percent of People with Each Score
Percentile by Number Answered
Your Score History
You have not taken this quiz